000 00700nam a2200229Ia 4500
003 OSt
005 20221005113503.0
006 a|||||r|||| 00| 0
007 ta
008 221004b |||||||| |||| 00| 0 pan d
024 _a27693
037 _cTextual
040 _aCRL
_cCRL
_bpan
041 _2pan
_apan
082 _aY31:1.236, 153M6
100 _aਸਿੰਘ, ਸਰਵਣ
245 0 _aਪਿੰਡ ਦੀ ਸੱਥ ਚੋ੍ਵ
260 _aਲੁਧਿਆਣਾ
_bਲਾਹੌਰ ਬੁਕ Fਾਪ ਭਾਰਤ
_c1986
650 _aਸਮਾਜ Fਾਸਤਰ
942 _hY31:1.236, 153M6
_cTEXL
_2cc
999 _c1028352
_d1028352